Solar drying systems simulation and optiization (Record no. 579982)

000 -LEADER
fixed length control field 00427nam a22001697a 4500
003 - CONTROL NUMBER IDENTIFIER
control field CEME
005 - DATE AND TIME OF LATEST TRANSACTION
control field 20210628205224.0
008 - FIXED-LENGTH DATA ELEMENTS--GENERAL INFORMATION
fixed length control field 210216b xxu||||| |||| 00| 0 eng d
020 ## - INTERNATIONAL STANDARD BOOK NUMBER
International Standard Book Number 81-85680-28-0
040 ## - CATALOGING SOURCE
Transcribing agency .
082 ## - DEWEY DECIMAL CLASSIFICATION NUMBER
Classification number 621.47 BAL'S
100 ## - MAIN ENTRY--PERSONAL NAME
Personal name Bala, B. K
9 (RLIN) 74457
245 ## - TITLE STATEMENT
Title Solar drying systems simulation and optiization
260 ## - PUBLICATION, DISTRIBUTION, ETC.
Place of publication, distribution, etc. UDAIPUR
Name of publisher, distributor, etc. AGROTECH PUBLISHING
Date of publication, distribution, etc. 1998
300 ## - PHYSICAL DESCRIPTION
Extent 320P
942 ## - ADDED ENTRY ELEMENTS (KOHA)
Koha item type Book
Source of classification or shelving scheme
Holdings
Withdrawn status Lost status Damaged status Not for loan Permanent Location Current Location Shelving location Date acquired Total Checkouts Full call number Barcode Date last seen Price effective from Koha item type
        College of Electrical & Mechanical Engineering (CEME) College of Electrical & Mechanical Engineering (CEME) General Stacks 05/08/2017   621.47 BAL'S CEME-31192 06/28/2021 06/28/2021 Book
© 2023 Central Library, National University of Sciences and Technology. All Rights Reserved.